000 00434nam a2200157Ia 4500
008 160316s1962 xxu||||| |||| 00| 0 eng d
082 _a348.000000
_bKAR
100 _aKapur J L
245 _aTwenty fourth : The commissions of inquiry act, 1952
250 _a
260 _aNew Delhi
_bGovt.of India, Law Commission of India
_c1962
300 _a54p
_b20 cm
_c
365 _bGratis
650 _a1.Chairman : J L Kapur
700 _a
_a
999 _c1071
_d1071